Catálogo
 En Linea

La Casa de los Periodistas : (Registro nro. 42315)

Detalles MARC
000 -CABECERA
campo de control de longitud fija 00710nam a2200205 a 4500
001 - NÚMERO DE CONTROL
campo de control 000042826
005 - FECHA Y HORA DE LA ÚLTIMA TRANSACCIÓN
campo de control 20201002040427.0
008 - DATOS DE LONGITUD FIJA--INFORMACIÓN GENERAL
campo de control de longitud fija 140210s2006 sp ac 001 0 spa d
020 ## - NÚMERO INTERNACIONAL ESTÁNDAR DEL LIBRO
Número Internacional Estándar del Libro 8487641253
040 ## - FUENTE DE LA CATALOGACIÓN
Centro catalogador/agencia de origen DO-SdBNP
Lengua de catalogación spa
Centro/agencia transcriptor BNPHU
100 1# - ENTRADA PRINCIPAL--NOMBRE DE PERSONA
Nombre de persona Olmos, Víctor
9 (RLIN) 70190
245 13 - MENCIÓN DE TÍTULO
Título La Casa de los Periodistas :
Resto del título Asociación de la Prensa de Madrid 1895-1950 /
Mención de responsabilidad, etc. Víctor Olmos.
260 ## - PUBLICACIÓN, DISTRIBUCIÓN, ETC.
Lugar de publicación, distribución, etc. Madrid :
Nombre del editor, distribuidor, etc. Asociación de la Prensa de Madrid,
Fecha de publicación, distribución, etc. 2006.
300 ## - DESCRIPCIÓN FÍSICA
Extensión 706 p.,[60] p. de lám ; :
Otras características físicas il., retr. ;
Dimensiones 25 cm.
490 1# - MENCIÓN DE SERIE
Mención de serie APM
500 ## - NOTA GENERAL
Nota general Incluye índice
504 ## - NOTA DE BIBLIOGRAFÍA, ETC.
Nota de bibliografía, etc. Incluye referencias bibliográficas y notas al pie de las páginas
504 ## - NOTA DE BIBLIOGRAFÍA, ETC.
Nota de bibliografía, etc. Bibliografía : p. 681 -685
830 #0 - PUNTO DE ACCESO ADICIONAL DE SERIE-TÍTULO UNIFORME
Título uniforme APM
9 (RLIN) 70191
Existencias
Estado de retiro Estado de pérdida Restricciones de uso No para préstamo Código de colección Localización permanente Ubicación/localización actual Ubicación en estantería Fecha de adquisición Número de inventario Total de préstamos Signatura topográfica completa Código de barras Fecha visto por última vez Precio válido a partir de Tipo de ítem Koha
      Excluido de préstamo Monografías: Libros y Folletos General General En catalogación 10.02.2014 LF1   42826-10 25.06.2020 25.06.2020 No se presta

Con tecnología Koha